00722cam a22001937a 450000500170000000800410001702000150005804000290007304100080010204400080011008200180011810000320013624500760016826000580024430000900030250400550039265000380044765000430048520180803165054.0040909s2000 cauab b 000 0 eng d a1879102811 aCStcCStdDLCdCO-BoIAVH0 aeng axxu04a910.285bS81i1 aSteede-Terry, Kareneautora10aIntegrating GIS and the Global Positioning System /cKaren Steede-Terry aRedlands, California (EE.UU.). :bESRI Press,cc2000. av, 95, [2] páginas :bilustraciones (algunas a color), mapas a color ;c19 x 23 cm. aIncluye referencias bibliográficas: página 97. 6aSistema de posicionamiento global 6aSistemas de información geográfica